Statistics for WNBA Top 25 Career Points

Click here to take the quiz!

General Stats

  • This quiz has been taken 10 times
  • The average score is 7 of 25

Answer Stats

#Player NameTotal Points% Correct
12.Lisa Leslie6,263
80%
8.Sue Bird6,803
80%
1.Diana Taurasi10,108
70%
23.Brittney Griner5,038
60%
9.Candace Parker6,574
50%
13-Tied.Lauren Jackson6,005
50%
13-Tied.Seimone Augustus6,005
40%
18.DeLisha Milton-Jones5,571
30%
10.Katie Smith6,452
30%
3.Tamika Catchings7,380
30%
22.Tangela Smith5,046
30%
16.Becky Hammon5,841
20%
5.Candice Dupree6,895
20%
20.Lindsay Whalen5,523
20%
25.Maya Moore4,984
20%
15.Nneka Ogwumike5,883
20%
2.Tina Thompson7,488
20%
17.Angel McCoughtry5,797
10%
6.DeWanna Bonner6,881
10%
19.Katie Douglas5,563
10%
21.Swin Cash5,119
10%
11.Sylvia Fowles6,415
10%
4.Tina Charles7,115
10%
7.Cappie Pondexter6,811
0%
24.Taj McWilliams-Franklin5,013
0%

Score Distribution

Percentile by Number Answered

Percent of People with Each Score

Your Score History

You have not taken this quiz